Modern Indian poetry in English (Record no. 8398)

MARC details
000 -LEADER
fixed length control field 00601cam a2200241ua 4500
001 - CONTROL NUMBER
control field 9346
005 - DATE AND TIME OF LATEST TRANSACTION
control field 20260515114445.0
008 - FIXED-LENGTH DATA ELEMENTS--GENERAL INFORMATION
fixed length control field 191012n ii |||gr||||Z||||||eng
020 ## - INTERNATIONAL STANDARD BOOK NUMBER
International Standard Book Number 9780195671971
020 ## - INTERNATIONAL STANDARD BOOK NUMBER
International Standard Book Number 019567197X
040 ## - CATALOGING SOURCE
Transcribing agency MAIN
041 ## - LANGUAGE CODE
Language code of text/sound track or separate title eng
082 ## - DEWEY DECIMAL CLASSIFICATION NUMBER
Classification number 821.54
245 ## - TITLE STATEMENT
Title Modern Indian poetry in English
Statement of responsibility, etc. by Bruce King
250 ## - EDITION STATEMENT
Edition statement 12th imp.
260 ## - PUBLICATION, DISTRIBUTION, ETC.
Place of publication, distribution, etc. New Delhi:
Name of publisher, distributor, etc. Oxford University Press,
Date of publication, distribution, etc. 2014.
300 ## - PHYSICAL DESCRIPTION
Extent 416p.
653 ## - INDEX TERM--UNCONTROLLED
Uncontrolled term English poetry
653 ## - INDEX TERM--UNCONTROLLED
Uncontrolled term Indian poetry
653 ## - INDEX TERM--UNCONTROLLED
Uncontrolled term Indian poetry in English
700 ## - ADDED ENTRY--PERSONAL NAME
Personal name King, Bruce,
Relator term Author.
942 ## - ADDED ENTRY ELEMENTS (KOHA)
Koha item type Books
Holdings
Withdrawn status Lost status Damaged status Not for loan Home library Current library Shelving location Date acquired Total checkouts Full call number Barcode Date last seen Copy number Price effective from Koha item type
        Naharkatiya College Library Naharkatiya College Library General stacks 09/19/2020   821.54English poetry | KIN 22749 09/19/2020 1 09/19/2020 Books